000 00605nam a2200181 i 4500
001 60378
003 ES-MaACL
005 20240607130832.0
007 t|
008 031104s1970 sp ||||1| spa d
100 1 _aEspronceda, José de,
_d1808-1842
_947951
245 1 0 _aPoesías líricas y fragmentos épicos /
_cJosé de Espronceda ; edición, introducción y notas de Robert Marrast.
260 _aMadrid :
_bCastalia,
_c[1970]
300 _a219 p., 3 lám. ;
_c18 cm.
700 0 _aMarrast, Robert,
_d1928-2015
_977060
852 _aES-MaACL
_jC-40568
_bR.74173
999 _c60378
_d60378